Spain Regions by Picture - Statistics

General Stats
  • This quiz has been taken 25 times
  • The average score is 11 of 19
Answer Stats
Picture Answer % Correct
Madrid
100%
Catalonia
90%
Andalusia
81%
Balearic Islands
71%
Basque Country
71%
Canary Islands
71%
Extremadura
67%
Valencia
67%
Aragon
57%
Galicia
57%
Murcia
52%
Melilla
48%
Navarre
48%
La Rioja
43%
Asturias
38%
Cantabria
38%
Ceuta
33%
Castile-La Mancha
29%
Castile and León
24%
No matching quizzes found
Score Distribution
Percent of People with Each Score
Percentile by Number Answered
Your Score History
You have not taken this quiz